000 01442nam a2200241 a 4500
008 190823s2003 ||||||||||||||||| || u
020 _a9780470849798
020 _a0470849797
050 _aTJ 163.12 Pel
100 _aWaddington, Rachel
245 1 0 _aMechatronic systems : modelling and simulation with HDLs
_cBy Georg Pelz ; Translated by Rachel Waddington
260 _aChichester
_bJohn Wiley & Sons
_c2003
300 _aix, 223 pages : illustrations
350 _a151.72
650 _aCOMPUTER HARDWARE--DESCRIPTION LANGUAGE
650 _aMECHATRONICS
700 _aPelz, Georg
995 _aMAIN LIBRARY OPEN ACCESS
_e749616
_FCBU-MAIN LIBRARY (Kitwe)
_I151.72
_jTJ 163.12 Pel
_M2
_UAVAILABLE
_WAug 27, 2019
_y749616
_ZMain Library Open Access Collection
995 _aMAIN LIBRARY OPEN ACCESS
_e749615
_FCBU-MAIN LIBRARY (Kitwe)
_I151.72
_jTJ 163.12 Pel
_M1
_UAVAILABLE
_WAug 27, 2019
_y749615
_ZMain Library Open Access Collection
995 _aMAIN LIBRARY OPEN ACCESS
_e749617
_FCBU-MAIN LIBRARY (Kitwe)
_I151.72
_jTJ 163.12 Pel
_M3
_UAVAILABLE
_WAug 27, 2019
_y749617
_ZMain Library Open Access Collection
995 _aMAIN LIBRARY OPEN ACCESS
_e749619
_FCBU-MAIN LIBRARY (Kitwe)
_I151.72
_jTJ 163.12 Pel
_M5
_UAVAILABLE
_WAug 27, 2019
_y749619
_ZMain Library Open Access Collection
995 _aMAIN LIBRARY OPEN ACCESS
_e7496158
_FCBU-MAIN LIBRARY (Kitwe)
_I151.72
_jTJ 163.12 Pel
_M4
_UAVAILABLE
_WAug 27, 2019
_y749618
_ZMain Library Open Access Collection
999 _c82848
_d82848